[Event "Bezirksliga Oberbayern 1819"]
[Site "Bayern"]
[Date "2019.02.24"]
[Round "7.7"]
[White "Doan, Duc Trung"]
[Black "Wiesmeier, Franz"]
[Result "1/2-1/2"]
[WhiteElo "1690"]
[BlackElo "1779"]
[PlyCount "30"]
[EventDate "2018.10.21"]
[EventType "team-tourn"]
[EventRounds "9"]
[EventCountry "GER"]
[SourceTitle "EXT 2022"]
[Source "ChessBase"]
[SourceDate "2021.10.06"]
[SourceVersion "1"]
[SourceVersionDate "2021.10.06"]
[SourceQuality "1"]
[WhiteTeam "Ingolstadt MTV"]
[BlackTeam "Moosburg SC"]
[WhiteTeamCountry "GER"]
[BlackTeamCountry "GER"]

1. e4 Nf6 2. Nc3 d5 3. e5 d4 4. exf6 dxc3 5. fxg7 cxd2+ 6. Bxd2 Bxg7 7. Qf3 Bxb2 8. Bc4 e6 9. Rd1 Qd4 10. Qb3 Qe4+ 11. Ne2 Be5 12. Bd3 Qd5 13. Bc4 Qe4 14. Bd3 Qd5 15. Bc4 Qe4 1/2-1/2

[Event "Munich OIS op"]
[Site "Munich"]
[Date "2007.09.29"]
[Round "1"]
[White "Wiesmeier, Franz"]
[Black "Jorczik, Julian Marcel"]
[Result "0-1"]
[WhiteElo "2092"]
[BlackElo "2333"]
[PlyCount "56"]
[EventDate "2007.09.29"]
[EventType "swiss"]
[EventRounds "9"]
[EventCountry "GER"]
[SourceTitle "CBM 120 Extra"]
[Source "ChessBase"]
[SourceDate "2007.11.01"]
[SourceVersion "1"]
[SourceVersionDate "2007.11.01"]
[SourceQuality "1"]

1. e4 c5 2. b4 cxb4 3. d4 d5 4. e5 Nc6 5. a3 Qb6 6. Be3 e6 7. axb4 Bxb4+ 8. c3 Ba5 9. Bd3 Nge7 10. Ne2 Nf5 11. 0-0 0-0 12. Bd2 f6 13. f4 Bd7 14. Kh1 Qd8 15. Na3 a6 16. g4 Nfe7 17. Qc2 f5 18. gxf5 Nxf5 19. Ng3 Nce7 20. Qb2 b5 21. Nc2 Be8 22. Qa3 Bc7 23. Nb4 a5 24. Be2 Bg6 25. Nd3 b4 26. cxb4 Nxd4 27. Rac1 axb4 28. Qxb4 Nxe2 0-1